子どもが嫌いな野菜ランキング - Statistics

General Stats
  • This quiz has been taken 1,205 times
  • The average score is 4 of 10
Answer Stats
順位 野菜名 割合(%) % Correct
1 ピーマン 26.8
96%
8 トマト 14.6
85%
2 なす 21.7
72%
4 ねぎ 17.7
49%
3 しいたけ 19.1
29%
5 小松菜 16.0
26%
10 しめじ 12.7
19%
6 にら 15.9
17%
9 かぶ 12.9
13%
7 チンゲン菜 15.2
5%
No matching quizzes found
Score Distribution
Percent of People with Each Score
Percentile by Number Answered
Your Score History
You have not taken this quiz